La guerra naval en el Mediterráneo (1940-1943) / (Record no. 149202)

MARC details
000 -CABECERA
campo de control de longitud fija 00677nam a2200205 u 4500
005 - FECHA Y HORA DE LA ÚLTIMA TRANSACCIÓN
campo de control 20210223131331.0
008 - ELEMENTOS DE LONGITUD FIJA--INFORMACIÓN GENERAL
campo de control de longitud fija 100630s2008 r 000 0 eng d
020 ## - NÚMERO INTERNACIONAL NORMALIZADO PARA LIBROS
Número Internacional Estándar del Libro 9788426102645
035 ## - NÚMERO DE CONTROL DEL SISTEMA
Número de control de sistema UPN01000177099
049 ## - COLECCIÓN
Colección CG
050 #4 - SIGNATURA TOPOGRÁFICA DE LA BIBLIOTECA DEL CONGRESO
Número de clasificación D770
Número de documento/Ítem S5.4
100 1# - ASIENTO PRINCIPAL--NOMBRE PERSONAL
Nombre de persona Sierra, Luis de la,
Fechas asociadas al nombre 1920-
245 13 - MENCIÓN DE TÍTULO
Título La guerra naval en el Mediterráneo (1940-1943) /
Mención de responsabilidad, etc. Luis de la Sierra.
260 ## - PUBLICACIÓN, DISTRIBUCIÓN, ETC.
Lugar de publicación, distribución, etc. Barcelona, Esp. :
Nombre del editor, distribuidor, etc. Juventud,
Fecha de publicación, distribución, etc. 2008.
300 ## - DESCRIPCIÓN FÍSICA
Extensión 471 p. :
Otras características físicas il.
440 #0 - MENCIÓN DE SERIE/ASIENTO SECUNDARIO--TÍTULO
Título Viajes y expediciones
650 #4 - ASIENTO SECUNDARIO DE MATERIA - TERMINO TEMATICO
Término de materia o nombre geográfico como elemento de entrada GUERRA MUNDIAL II, 1939-1945 -
Subdivisión general OPERACIONES NAVALES
9 (RLIN) 12011
650 #4 - ASIENTO SECUNDARIO DE MATERIA - TERMINO TEMATICO
Término de materia o nombre geográfico como elemento de entrada GUERRA MUNDIAL II, 1939-1945 -
Subdivisión general CAMPAÑAS -
Subdivisión geográfica MAR MEDITERRANEO
9 (RLIN) 17341
905 ## - TIPO DE MATERIAL
Tipo de material Libro
Holdings
Estado de retiro Estado de pérdida Fuente del sistema de clasificación o colocación Estado dañado No para préstamo Código de colección Localización permanente Ubicación/localización actual Ubicación en estantería Total de préstamos Clasificación Código de barras Fecha visto por última vez Número de copia Tipo de ítem Koha
    Library of Congress Classification     Colección General Bib. Gregorio Torres Quintero Bib. Gregorio Torres Quintero Planta baja   D770 S5.4 273232 31/12/2020 1 Libro